[Event "SVK-chT1W 2425"]
[Site "Slovakia"]
[Date "2024.12.07"]
[Round "3.7"]
[White "Puchart, Vladimir"]
[Black "Sarkozi, Szabolcs"]
[Result "0-1"]
[WhiteElo "2008"]
[BlackElo "2104"]
[PlyCount "118"]
[EventDate "2024.11.16"]
[EventType "team-tourn"]
[EventRounds "11"]
[EventCountry "SVK"]
[SourceTitle "CB14_2025"]
[SourceDate "2024.11.01"]
[SourceVersion "1"]
[SourceVersionDate "2024.11.01"]
[SourceQuality "1"]
[WhiteTeam "Cifer"]
[BlackTeam "Komarno II"]
[WhiteTeamCountry "SVK"]
[BlackTeamCountry "SVK"]

1. d4 g6 2. c4 Bg7 3. Nc3 d6 4. e4 Nf6 5. f3 0-0 6. Be3 e5 7. Nge2 c6 8. Qd2 a6 9. 0-0-0 Qa5 10. Kb1 b5 11. Nc1 Nbd7 12. h4 Rb8 13. g4 exd4 14. Bxd4 c5 15. Bxf6 Nxf6 16. Qxd6 Be6 17. cxb5 Nxe4 18. Nxe4 Rbd8 19. Qxa6 Qxa6 20. bxa6 Rxd1 21. Kc2 Rfd8 22. a7 R1d7 23. Bb5 Rxa7 24. Nxc5 Rc8 25. b4 Bd4 26. Kd3 Bxc5 27. bxc5 Rxc5 28. a4 Rac7 29. Ne2 Bc4+ 30. Bxc4 Rxc4 31. Ra1 h5 32. Nd4 hxg4 33. fxg4 Rb4 34. Nb5 Rd7+ 35. Ke3 Re7+ 36. Kf3 Ree4 37. Nc3 Rf4+ 38. Ke3 Rxg4 39. a5 Rg3+ 40. Kd2 Rb2+ 41. Kc1 Rh2 42. Ra3 Rg1+ 43. Nd1 Rhh1 44. Rd3 Rxh4 45. a6 Ra4 46. Rd6 Ra1+ 47. Kc2 Rgxd1 48. Rxd1 Rxa6 49. Rd5 Re6 50. Kd2 Kg7 51. Rc5 f5 52. Kd1 Kh6 53. Rb5 Kg5 54. Ra5 Kg4 55. Ra3 f4 56. Ra4 g5 57. Rb4 Kg3 58. Rb3+ f3 59. Rb5 f2 0-1

[Event "SVK-chT1W 2324"]
[Site "Slovakia"]
[Date "2024.03.09"]
[Round "10.6"]
[White "Berek, Geza"]
[Black "Puchart, Vladimir"]
[Result "1/2-1/2"]
[WhiteElo "2170"]
[BlackElo "2061"]
[PlyCount "112"]
[EventDate "2023.10.21"]
[EventType "team-tourn"]
[EventRounds "11"]
[EventCountry "SVK"]
[SourceTitle "EXT 2025"]
[Source "ChessBase"]
[SourceDate "2024.10.14"]
[SourceVersion "1"]
[SourceVersionDate "2024.10.14"]
[SourceQuality "1"]
[WhiteTeam "Levice II"]
[BlackTeam "Cifer"]
[WhiteTeamCountry "SVK"]
[BlackTeamCountry "SVK"]

1. e4 c5 2. Nf3 d6 3. d4 cxd4 4. Nxd4 Nf6 5. Nc3 a6 6. Be3 e5 7. Nf3 Qc7 8. a4 b6 9. Be2 Be7 10. 0-0 0-0 11. Nd2 Bb7 12. Nc4 Nbd7 13. f3 Bc6 14. Bf2 b5 15. axb5 axb5 16. Rxa8 Rxa8 17. Ne3 b4 18. Ncd5 Bxd5 19. Nxd5 Nxd5 20. Qxd5 Rc8 21. Bd3 Bg5 22. Ra1 Nc5 23. Bc4 Ne6 24. b3 Nd4 25. Ra8 Rxa8 26. Qxa8+ Qd8 27. Qb7 Qe7 28. Qxb4 Nxc2 29. Qb8+ Qd8 30. Qb7 Qe7 31. Qc8+ Qd8 32. Bxf7+ Kxf7 33. Qxc2 Qa5 34. g3 d5 35. exd5 Qxd5 36. Qc4 Ke6 37. Kf1 e4 38. Qxd5+ Kxd5 39. fxe4+ Kxe4 40. Ke2 h5 41. h3 Be7 42. Be1 g5 43. b4 g4 44. h4 Kd4 45. Bf2+ Kc4 46. Ke3 Bxb4 47. Ke4 Bd6 48. Be1 Bc7 49. Kf5 Kd3 50. Kg5 Ke2 51. Kxh5 Kxe1 52. Kxg4 Kf2 53. h5 Bxg3 54. Kf5 Kf3 55. h6 Be1 56. h7 Bc3 1/2-1/2

[Event "SVK-chT2A 2324"]
[Site "Slovakia"]
[Date "2024.01.14"]
[Round "7.2"]
[White "Puchart, Vladimir"]
[Black "Bury, Rastislav"]
[Result "0-1"]
[WhiteElo "2061"]
[BlackElo "2126"]
[PlyCount "36"]
[EventDate "2023.10.07"]
[EventType "team-tourn"]
[EventRounds "11"]
[EventCountry "SVK"]
[SourceTitle "EXT 2025"]
[Source "ChessBase"]
[SourceDate "2024.10.14"]
[SourceVersion "1"]
[SourceVersionDate "2024.10.14"]
[SourceQuality "1"]
[WhiteTeam "Cifer"]
[BlackTeam "Osuske II"]
[WhiteTeamCountry "SVK"]
[BlackTeamCountry "SVK"]

1. d4 Nf6 2. c4 e6 3. g3 Be7 4. Bg2 0-0 5. Nc3 d6 6. Nf3 Nbd7 7. 0-0 Rb8 8. Qc2 c5 9. Rd1 cxd4 10. Nxd4 a6 11. b3 Qc7 12. a4 Ne5 13. Bb2 Rd8 14. Rac1 Nc6 15. Ne4 Ne8 16. h4 h6 17. Qc3 f5 18. Nd2 Nxd4 0-1

[Event "SVK-chT2A 2324"]
[Site "Slovakia"]
[Date "2023.12.02"]
[Round "5.3"]
[White "Puchart, Vladimir"]
[Black "Skreno, Vladimir"]
[Result "0-1"]
[WhiteElo "2061"]
[BlackElo "2082"]
[PlyCount "76"]
[EventDate "2023.10.07"]
[EventType "team-tourn"]
[EventRounds "11"]
[EventCountry "SVK"]
[SourceTitle "EXT 2025"]
[Source "ChessBase"]
[SourceDate "2024.10.14"]
[SourceVersion "1"]
[SourceVersionDate "2024.10.14"]
[SourceQuality "1"]
[WhiteTeam "Cifer"]
[BlackTeam "Trnava Lokomotiva"]
[WhiteTeamCountry "SVK"]
[BlackTeamCountry "SVK"]

1. d4 d5 2. c4 c6 3. Nc3 Nf6 4. Nf3 g6 5. Bf4 Bg7 6. e3 0-0 7. Qb3 e6 8. Bd3 Nbd7 9. 0-0 dxc4 10. Bxc4 Nd5 11. Bg3 Qe7 12. Ne4 Rd8 13. Bd6 Qe8 14. Ba3 Bf8 15. Nd6 Bxd6 16. Bxd6 N7b6 17. Ba3 Nxc4 18. Qxc4 Nb6 19. Qb3 f6 20. Nd2 Qf7 21. Ne4 Kg7 22. Rad1 h6 23. Nc5 Nd5 24. e4 Nf4 25. Qf3 g5 26. g3 Nh3+ 27. Kg2 h5 28. d5 exd5 29. exd5 g4 30. Qb3 Rxd5 31. Rxd5 Qxd5+ 32. Qxd5 cxd5 33. Re1 b6 34. Nb3 Bf5 35. Re7+ Kg6 36. Nd4 Be4+ 37. f3 gxf3+ 38. Kf1 Bd3+ 0-1

[Event "SVK-chT3A2 2223"]
[Site "Slovakia"]
[Date "2023.03.19"]
[Round "9.3"]
[White "Puchart, Vladimir"]
[Black "Bella, Julius"]
[Result "1-0"]
[WhiteElo "2102"]
[BlackElo "1902"]
[PlyCount "83"]
[EventDate "2022.10.16"]
[EventType "team-tourn"]
[EventRounds "9"]
[EventCountry "SVK"]
[SourceTitle "EXT 2024"]
[Source "ChessBase"]
[SourceDate "2023.10.10"]
[SourceVersion "1"]
[SourceVersionDate "2023.10.10"]
[SourceQuality "1"]
[WhiteTeam "Cifer II"]
[BlackTeam "Surovce"]
[WhiteTeamCountry "SVK"]
[BlackTeamCountry "SVK"]

1. d4 Nf6 2. c4 g6 3. Nc3 Bg7 4. e4 d6 5. f3 0-0 6. Be3 e5 7. Nge2 Nbd7 8. Qd2 c6 9. g4 Nb6 10. Ng3 Be6 11. d5 cxd5 12. cxd5 Bd7 13. h4 Rc8 14. b3 Ne8 15. h5 f6 16. h6 Bh8 17. Bd3 Nc7 18. Ke2 Na6 19. Nb5 Bxb5 20. Bxb5 Nc5 21. b4 Ncd7 22. Rhc1 Qe7 23. Rxc8 Rxc8 24. Rc1 a6 25. Bxd7 Qxd7 26. Bxb6 Qb5+ 27. Kd1 Rxc1+ 28. Qxc1 Qxb6 29. Qc8+ Kf7 30. Ne2 Qxb4 31. Qd7+ Kf8 32. Qxh7 Qa4+ 33. Ke1 Qb4+ 34. Kf2 Qb6+ 35. Kg2 Qe3 36. Qxh8+ Ke7 37. Qg7+ Kd8 38. Qxf6+ Kc7 39. Qe7+ Kc8 40. Qf8+ Kc7 41. Ng3 Qd2+ 42. Kh3 1-0

[Event "SVK-chT2A 2223"]
[Site "Slovakia"]
[Date "2022.11.13"]
[Round "4.8"]
[White "Puchart, Vladimir"]
[Black "Musaev, Urmat"]
[Result "1-0"]
[WhiteElo "2079"]
[BlackElo "1804"]
[PlyCount "71"]
[EventDate "2022.10.08"]
[EventType "team-tourn"]
[EventRounds "11"]
[EventCountry "SVK"]
[SourceTitle "EXT 2024"]
[Source "ChessBase"]
[SourceDate "2023.10.10"]
[SourceVersion "1"]
[SourceVersionDate "2023.10.10"]
[SourceQuality "1"]
[WhiteTeam "Cifer"]
[BlackTeam "Piestany Kupele"]
[WhiteTeamCountry "SVK"]
[BlackTeamCountry "SVK"]

1. d4 d5 2. c4 e6 3. Nf3 Nf6 4. Bg5 Be7 5. Nc3 Ne4 6. Bxe7 Qxe7 7. Qc2 Nxc3 8. Qxc3 0-0 9. e3 b6 10. cxd5 exd5 11. Rc1 c6 12. Bd3 Bb7 13. 0-0 Nd7 14. Rc2 Rac8 15. Rfc1 Rfe8 16. Qb3 h6 17. Qa4 a5 18. Bf5 f6 19. h4 Rc7 20. h5 Ra8 21. Qb3 a4 22. Qd3 Nf8 23. e4 c5 24. exd5 Bxd5 25. dxc5 Bxf3 26. Qxf3 Rd8 27. cxb6 Rxc2 28. Rxc2 Qe1+ 29. Kh2 Qe5+ 30. g3 Ne6 31. Qe4 Nd4 32. Qxe5 fxe5 33. Rc8 Rxc8 34. Bxc8 Nc6 35. Bd7 Nb8 36. Bxa4 1-0

[Event "SVK-chT3A2 2122"]
[Site "Slovakia"]
[Date "2021.10.24"]
[Round "2.4"]
[White "Kastler, Peter"]
[Black "Puchart, Vladimir"]
[Result "0-1"]
[WhiteElo "1593"]
[BlackElo "2057"]
[PlyCount "78"]
[EventDate "2021.10.10"]
[EventType "team-tourn"]
[EventRounds "11"]
[EventCountry "SVK"]
[SourceTitle "EXT 2023"]
[Source "ChessBase"]
[SourceDate "2022.10.05"]
[SourceVersion "1"]
[SourceVersionDate "2022.10.05"]
[SourceQuality "1"]
[WhiteTeam "Holic"]
[BlackTeam "Cifer II"]
[WhiteTeamCountry "SVK"]
[BlackTeamCountry "SVK"]

1. b3 d5 2. Bb2 c5 3. e3 Nc6 4. Bb5 Nf6 5. Nf3 e6 6. Ne5 Qb6 7. Bxc6+ bxc6 8. d3 a5 9. a4 c4 10. 0-0 Ba6 11. Nd2 cxd3 12. Nxd3 Be7 13. Re1 Bxd3 14. cxd3 Bb4 15. Qc2 0-0 16. Bc3 Rfd8 17. Bxb4 Qxb4 18. Rec1 Rac8 19. Qc3 c5 20. Qxb4 cxb4 21. Kf1 Rc3 22. Rxc3 bxc3 23. Nf3 Rb8 24. Nd4 e5 25. Nb5 d4 26. exd4 exd4 27. Rc1 Rd8 28. Ke2 Ng4 29. Kf3 h5 30. h3 Ne5+ 31. Ke2 Nc6 32. Na3 Nb4 33. Rd1 Re8+ 34. Kf3 c2 35. Rc1 Nxd3 36. Rxc2 Ne1+ 37. Kg3 Nxc2 38. Nxc2 d3 39. Ne3 Rxe3+ 0-1

[Event "SVK-chT2A 1920"]
[Site "Slovakia"]
[Date "2020.02.16"]
[Round "9.7"]
[White "Mrkvik, Jan"]
[Black "Puchart, Vladimir"]
[Result "1-0"]
[WhiteElo "1933"]
[BlackElo "2041"]
[PlyCount "127"]
[EventDate "2019.10.26"]
[EventType "team-tourn"]
[EventRounds "11"]
[EventCountry "SVK"]
[SourceTitle "CBM 195 Extra"]
[Source "ChessBase"]
[SourceDate "2020.05.31"]
[SourceVersion "1"]
[SourceVersionDate "2020.05.31"]
[SourceQuality "1"]
[WhiteTeam "Bratislava Slovan IV"]
[BlackTeam "Cifer"]
[WhiteTeamCountry "SVK"]
[BlackTeamCountry "SVK"]

1. d4 Nf6 2. Nf3 d5 3. e3 Bf5 4. c4 e6 5. Nc3 c6 6. Be2 Nbd7 7. Nh4 Be4 8. f3 Bg6 9. Nxg6 hxg6 10. e4 dxe4 11. fxe4 e5 12. Be3 Qa5 13. Qb3 0-0-0 14. 0-0-0 exd4 15. Bxd4 Bc5 16. Bxf6 Nxf6 17. Rxd8+ Rxd8 18. Rd1 Bd4 19. Bf3 Bxc3 20. Rxd8+ Kxd8 21. bxc3 Kc8 22. Kc2 Qe5 23. Kd3 Qxh2 24. Qa3 Qc7 25. Qxa7 b6 26. Qa8+ Kd7 27. e5 Nh5 28. Qf8 Ke6 29. Qe8+ Kf5 30. g4+ Kf4 31. gxh5 Kxf3 32. hxg6 fxg6 33. Qe6 Kf2 34. Qxg6 Qxe5 35. Qxc6 Qe2+ 36. Kd4 Qe3+ 37. Kd5 Qf3+ 38. Kd6 Qxc3 39. Qxb6+ Ke2 40. c5 Qf6+ 41. Kc7 Qe7+ 42. Kb8 Qe8+ 43. Ka7 Qf7+ 44. Qb7 Qxa2+ 45. Qa6+ Qxa6+ 46. Kxa6 g5 47. c6 g4 48. c7 g3 49. c8Q g2 50. Qg4+ Kf2 51. Qf4+ Ke2 52. Qg3 Kf1 53. Qf3+ Kg1 54. Kb5 Kh2 55. Qf2 Kh1 56. Qh4+ Kg1 57. Kc4 Kf1 58. Qf4+ Ke2 59. Qg3 Kf1 60. Qf3+ Kg1 61. Kd3 Kh2 62. Qf2 Kh1 63. Qh4+ Kg1 64. Kd2 1-0

[Event "SVK-chT2A 1819"]
[Site "Slovakia"]
[Date "2018.11.18"]
[Round "4.5"]
[White "Zetocha, Adrian"]
[Black "Puchart, Vladimir"]
[Result "1-0"]
[WhiteElo "2213"]
[BlackElo "2019"]
[PlyCount "83"]
[EventDate "2018.10.13"]
[EventType "team-tourn"]
[EventRounds "11"]
[EventCountry "SVK"]
[SourceTitle "CBM 189 Extra"]
[Source "ChessBase"]
[SourceDate "2019.05.31"]
[SourceVersion "1"]
[SourceVersionDate "2019.05.31"]
[SourceQuality "1"]
[WhiteTeam "Bratislava Slovan V"]
[BlackTeam "Trnava Lokomotiva"]
[WhiteTeamCountry "SVK"]
[BlackTeamCountry "SVK"]

1. d4 Nf6 2. c4 e6 3. Nf3 b6 4. g3 Ba6 5. Qa4 Be7 6. Bg2 0-0 7. Nc3 d5 8. Ne5 c5 9. dxc5 Bxc5 10. 0-0 Bb7 11. Bg5 Qc7 12. Bxf6 gxf6 13. Ng4 f5 14. cxd5 fxg4 15. d6 Qc8 16. Bxb7 Qxb7 17. Qxg4+ Kh8 18. b4 f5 19. Qc4 Nd7 20. bxc5 Nxc5 21. Nb5 Rad8 22. e3 a6 23. Qd4+ Qg7 24. Nc7 e5 25. Qc4 Rxd6 26. Nxa6 Nxa6 27. Qxa6 f4 28. Qa3 Rh6 29. Rac1 Rg8 30. exf4 Qg4 31. Qb2 Qh3 32. Qxe5+ Rg7 33. Rfd1 Qxh2+ 34. Kf1 Qh1+ 35. Ke2 Qa8 36. Rc2 Qg8 37. f5 Qf8 38. Rd7 Qf6 39. Rc8+ Rg8 40. Rxg8+ Kxg8 41. Qb8+ Qf8 42. Rd8 1-0

[Event "SVK-chT2A 1718"]
[Site "Slovakia"]
[Date "2018.03.17"]
[Round "10.6"]
[White "Csuri, Szilveszter"]
[Black "Puchart, Vladimir"]
[Result "1-0"]
[WhiteElo "1973"]
[BlackElo "2068"]
[PlyCount "77"]
[EventDate "2017.10.28"]
[EventType "team-tourn"]
[EventRounds "11"]
[EventCountry "SVK"]
[SourceTitle "EXT 2020"]
[Source "ChessBase"]
[SourceDate "2019.10.17"]
[SourceVersion "1"]
[SourceVersionDate "2019.10.17"]
[SourceQuality "1"]
[WhiteTeam "Potonska Veza"]
[BlackTeam "Trnava Lokomotiva II"]
[WhiteTeamCountry "SVK"]
[BlackTeamCountry "SVK"]

1. e4 c5 2. Nf3 d6 3. d4 cxd4 4. Nxd4 Nf6 5. Nc3 a6 6. Be2 e5 7. Nb3 Be7 8. Be3 0-0 9. f3 Be6 10. 0-0 Nbd7 11. Qe1 b5 12. Qf2 Qc7 13. a3 Rab8 14. Rac1 Nb6 15. Nd2 d5 16. Ncb1 dxe4 17. fxe4 Rfd8 18. h3 Nc4 19. b4 Nxe3 20. Qxe3 Qb7 21. Bd3 Rd6 22. Kh1 Rbd8 23. Qg3 Nd7 24. Nf3 Bc4 25. Bxc4 bxc4 26. Nxe5 Nxe5 27. Qxe5 Re6 28. Qf4 Bf6 29. Rce1 Rd4 30. Nc3 Qe7 31. Qf3 Be5 32. Nd5 Qe8 33. Rd1 Rxd1 34. Rxd1 Qc6 35. Rf1 Qe8 36. Qe2 Bg3 37. Qg4 Be5 38. Rf5 g6 39. Rxe5 1-0

[Event "SVK-chT1W 1617"]
[Site "Slovakia"]
[Date "2016.12.10"]
[Round "5.7"]
[White "Puchart, Vladimir"]
[Black "Reisel, Frantisek"]
[Result "1/2-1/2"]
[WhiteElo "2056"]
[BlackElo "2032"]
[PlyCount "85"]
[EventDate "2016.10.15"]
[EventType "team-tourn"]
[EventRounds "11"]
[EventCountry "SVK"]
[SourceTitle "EXT 2018"]
[Source "ChessBase"]
[SourceDate "2017.10.13"]
[SourceVersion "1"]
[SourceVersionDate "2017.10.13"]
[SourceQuality "1"]
[WhiteTeam "Trnava Lokomotiva"]
[BlackTeam "Prievidza"]
[WhiteTeamCountry "SVK"]
[BlackTeamCountry "SVK"]

1. d4 d5 2. c4 c6 3. Nc3 Nf6 4. Nf3 g6 5. e3 Bg7 6. Bd3 0-0 7. 0-0 Bg4 8. h3 Bxf3 9. Qxf3 e6 10. Rd1 Nbd7 11. b3 Re8 12. Bb2 a6 13. cxd5 exd5 14. Rdc1 Nf8 15. b4 Ne6 16. a4 Qd6 17. b5 axb5 18. axb5 Rxa1 19. Bxa1 Nd7 20. bxc6 bxc6 21. Rb1 Ng5 22. Qd1 Rb8 23. Rb3 Qc7 24. Bb2 Bf8 25. Qc2 Rxb3 26. Qxb3 Qb6 27. Qxb6 Nxb6 28. Kf1 Ne6 29. Ke2 Be7 30. Na2 Kf8 31. Bc3 f5 32. Ba5 Nd7 33. Nb4 Bxb4 34. Bxb4+ Ke8 35. Ba6 Nb8 36. Bd3 Nd7 37. h4 Nf6 38. g3 Kd7 39. f3 Ng7 40. Kf2 Nge8 41. Bf8 Ke6 42. Ba6 Kd7 43. Bd3 1/2-1/2

[Event "SVK-chT2A 1617"]
[Site "Slovakia"]
[Date "2016.12.04"]
[Round "6.6"]
[White "Sobek, Michal"]
[Black "Puchart, Vladimir"]
[Result "0-1"]
[WhiteElo "1805"]
[BlackElo "2061"]
[PlyCount "80"]
[EventDate "2016.10.08"]
[EventType "team-tourn"]
[EventRounds "11"]
[EventCountry "SVK"]
[SourceTitle "EXT 2018"]
[Source "ChessBase"]
[SourceDate "2017.10.13"]
[SourceVersion "1"]
[SourceVersionDate "2017.10.13"]
[SourceQuality "1"]
[WhiteTeam "Osuske II"]
[BlackTeam "Trnava Lokomotiva II"]
[WhiteTeamCountry "SVK"]
[BlackTeamCountry "SVK"]

1. e4 c5 2. Nc3 Nc6 3. Nf3 g6 4. d4 cxd4 5. Nxd4 Bg7 6. Be3 d6 7. Bc4 Nf6 8. Nxc6 bxc6 9. e5 Ng4 10. e6 f5 11. Bd4 0-0 12. Bxg7 Kxg7 13. Qd4+ Rf6 14. 0-0-0 Qb6 15. Qd2 Qxf2 16. Bd5 cxd5 17. Nxd5 Rxe6 18. Nc7 Qxd2+ 19. Rxd2 Rb8 20. Nxe6+ Bxe6 21. Re1 Kf6 22. Rd4 g5 23. h3 Ne5 24. Rf1 h5 25. g3 Rh8 26. Ra4 Nc6 27. Rf3 Bd5 28. Rf2 Ke5 29. Re2+ Kf6 30. Rf2 Ke5 31. Re2+ Be4 32. g4 hxg4 33. hxg4 d5 34. c4 Nd4 35. Re1 Rh2 36. gxf5 Kxf5 37. Rf1+ Ke5 38. cxd5 Rc2+ 39. Kd1 Rxb2 40. Kc1 Rb1+ 0-1